[Event "Ruhrgebiet Verbandsliga Gruppe 2 1718"]
[Site "Germany"]
[Date "2017.11.05"]
[Round "3.7"]
[White "Kleiner, Tom"]
[Black "Fleischer, Michael"]
[Result "1/2-1/2"]
[WhiteElo "1867"]
[BlackElo "1830"]
[PlyCount "93"]
[EventDate "2017.09.17"]
[EventType "team-tourn"]
[EventRounds "9"]
[EventCountry "GER"]
[SourceTitle "EXT 2022"]
[Source "ChessBase"]
[SourceDate "2021.10.06"]
[SourceVersion "1"]
[SourceVersionDate "2021.10.06"]
[SourceQuality "1"]
[WhiteTeam "Recklinghausen Sued"]
[BlackTeam "Muelheim Nord III"]
[WhiteTeamCountry "GER"]
[BlackTeamCountry "GER"]

1. e4 c5 2. Nc3 Nc6 3. g3 d6 4. Bg2 Nf6 5. Nge2 g6 6. 0-0 Bg7 7. d3 0-0 8. f4 Bd7 9. h3 Rb8 10. g4 b5 11. Ng3 Ne8 12. f5 e6 13. g5 Be5 14. fxg6 fxg6 15. Rxf8+ Kxf8 16. Qf3+ Kg8 17. Nce2 Ng7 18. c3 b4 19. Be3 Qe7 20. Rf1 bxc3 21. bxc3 Rb2 22. d4 cxd4 23. cxd4 Bxg3 24. Nxg3 Rxa2 25. Qf6 Ne8 26. Qf3 Ra3 27. Qf2 a5 28. Bc1 Rb3 29. Nf5 gxf5 30. exf5 d5 31. g6 Qf6 32. fxe6 Qxf2+ 33. Rxf2 Bxe6 34. Bh6 hxg6 35. Rf8+ Kh7 36. Bg5 Bxh3 37. Bxd5 Rg3+ 38. Kh2 Rxg5 39. Bxc6 Rh5 40. Bxe8 Bd7+ 41. Kg3 Bxe8 42. Rxe8 Rd5 43. Ra8 Kh6 44. Kf3 Rxd4 45. Rxa5 g5 46. Ra3 Kh5 47. Kg3 1/2-1/2

[Event "Ruhrgebiet Verbandsklasse Gruppe 2 1617"]
[Site "Germany"]
[Date "2016.09.25"]
[Round "2.6"]
[White "Kleiner, Tom"]
[Black "Ibs, Malte"]
[Result "1/2-1/2"]
[WhiteElo "1842"]
[BlackElo "1883"]
[PlyCount "148"]
[EventDate "2016.09.04"]
[EventType "team-tourn"]
[EventRounds "9"]
[EventCountry "GER"]
[SourceTitle "EXT 2022"]
[Source "ChessBase"]
[SourceDate "2021.10.06"]
[SourceVersion "1"]
[SourceVersionDate "2021.10.06"]
[SourceQuality "1"]
[WhiteTeam "Recklinghausen Sued"]
[BlackTeam "Brackel SF II"]
[WhiteTeamCountry "GER"]
[BlackTeamCountry "GER"]

1. d4 d5 2. Nf3 Nf6 3. Bf4 e6 4. e3 Bd6 5. Bd3 Bxf4 6. exf4 Qd6 7. Qd2 Ne4 8. Bxe4 dxe4 9. Ne5 b6 10. 0-0 Bb7 11. Re1 f6 12. Nc4 Qc6 13. Ne3 f5 14. Qc3 0-0 15. Qxc6 Nxc6 16. c3 Ne7 17. Nd2 Rfd8 18. Red1 Rac8 19. Ndc4 Ng6 20. g3 Ne7 21. h4 Ba6 22. Ne5 Be2 23. Rd2 Bh5 24. f3 exf3 25. Kf2 c5 26. Rad1 cxd4 27. Rxd4 Rxd4 28. Rxd4 Nc6 29. Nxc6 Rxc6 30. Nc4 Rc7 31. Ne5 Kf8 32. Ra4 Be8 33. Rd4 Bh5 34. Rd3 Ke7 35. Rd2 b5 36. Rd4 Rb7 37. Nc6+ Kf6 38. Ne5 Ke7 39. b3 Rc7 40. Rd3 a6 41. Ke3 Bg4 42. c4 Bh5 43. Rd2 bxc4 44. bxc4 h6 45. Rb2 a5 46. Rb5 a4 47. Rb4 f2 48. Kxf2 Be8 49. Ke3 Rc8 50. Nd3 a3 51. Rb7+ Kf6 52. c5 g5 53. hxg5+ hxg5 54. Ra7 gxf4+ 55. gxf4 e5 56. fxe5+ Ke6 57. Rxa3 Bb5 58. Nf4+ Kxe5 59. Ra5 Bc6 60. Ra6 Kf6 61. Kd4 Kg5 62. Nd5 f4 63. Ke5 f3 64. Ne3 f2 65. Kd6 Re8 66. Ra3 Rxe3 67. Rxe3 Bh1 68. Re5+ Kg4 69. c6 Bxc6 70. Kxc6 f1Q 71. Ra5 Qf6+ 72. Kb5 Qe5+ 73. Kb6 Qd6+ 74. Kb5 Qd5+ 1/2-1/2

[Event "Ruhrgebiet Verbandsklasse Gruppe 2 1516"]
[Site "Germany"]
[Date "2016.01.24"]
[Round "6.5"]
[White "Wloka, Sebastian"]
[Black "Kleiner, Tom"]
[Result "1-0"]
[WhiteElo "1861"]
[BlackElo "1764"]
[PlyCount "91"]
[EventDate "2015.09.06"]
[EventType "team-tourn"]
[EventRounds "9"]
[EventCountry "GER"]
[SourceTitle "EXT 2022"]
[Source "ChessBase"]
[SourceDate "2021.10.06"]
[SourceVersion "1"]
[SourceVersionDate "2021.10.06"]
[SourceQuality "1"]
[WhiteTeam "Eichlinghofen SV"]
[BlackTeam "Recklinghausen Laeufer Ost"]
[WhiteTeamCountry "GER"]
[BlackTeamCountry "GER"]

1. d4 d5 2. c4 e6 3. Nc3 c6 4. e3 Nf6 5. Nf3 Bd6 6. Qc2 Nbd7 7. b3 Nf8 8. Be2 Ng6 9. 0-0 Bd7 10. Rd1 0-0 11. Bb2 Re8 12. Bd3 Rc8 13. e4 dxe4 14. Nxe4 Nxe4 15. Bxe4 Qc7 16. g3 c5 17. Rd2 cxd4 18. Bxd4 Bc6 19. Bc3 Bxe4 20. Qxe4 b5 21. Rad1 Be7 22. Rd7 Qc6 23. Qxc6 Rxc6 24. Nd4 Ra6 25. Nxb5 Rxa2 26. Rxa7 Rc2 27. Raa1 Rb8 28. Rac1 Ra2 29. b4 h5 30. h4 e5 31. Ra1 Rc2 32. Rdc1 Rxc3 33. Rxc3 Bxb4 34. Rc2 Bc5 35. Kf1 Ne7 36. Ra6 Nf5 37. Rca2 Kh7 38. Ra8 Rb7 39. Rc8 Bb4 40. Ra4 Nd6 41. Nxd6 Bxd6 42. Ra6 Bb4 43. c5 Re7 44. Rb6 Bc3 45. c6 f6 46. Rb7 1-0

[Event "Ruhrgebiet Verbandsklasse Gruppe 2 1516"]
[Site "Germany"]
[Date "2015.11.29"]
[Round "4.5"]
[White "Fistoul, Boris"]
[Black "Kleiner, Tom"]
[Result "1/2-1/2"]
[WhiteElo "1864"]
[BlackElo "1764"]
[PlyCount "41"]
[EventDate "2015.09.06"]
[EventType "team-tourn"]
[EventRounds "9"]
[EventCountry "GER"]
[SourceTitle "EXT 2022"]
[Source "ChessBase"]
[SourceDate "2021.10.06"]
[SourceVersion "1"]
[SourceVersionDate "2021.10.06"]
[SourceQuality "1"]
[WhiteTeam "Bochum SG IV"]
[BlackTeam "Recklinghausen Laeufer Ost"]
[WhiteTeamCountry "GER"]
[BlackTeamCountry "GER"]

1. d4 f5 2. c4 e6 3. Nc3 Nf6 4. Bg5 Be7 5. e3 0-0 6. Bd3 Nc6 7. a3 b6 8. Nge2 Bb7 9. 0-0 Qc8 10. Qc2 Ne8 11. Bf4 Bd6 12. b4 Ne7 13. f3 Ng6 14. Bxd6 Nxd6 15. c5 Nf7 16. e4 Nh6 17. Nd1 fxe4 18. Bxe4 Bxe4 19. Qxe4 d5 20. Qd3 bxc5 21. bxc5 1/2-1/2

[Event "Ruhrgebiet Verbandsklasse Gruppe 1 1415"]
[Site "Germany"]
[Date "2015.01.18"]
[Round "5.2"]
[White "Achenbach, Manfred"]
[Black "Kleiner, Tom"]
[Result "1-0"]
[WhiteElo "2001"]
[BlackElo "1777"]
[PlyCount "55"]
[EventDate "2014.09.21"]
[EventType "team-tourn"]
[EventRounds "9"]
[EventCountry "GER"]
[SourceTitle "EXT 2022"]
[Source "ChessBase"]
[SourceDate "2021.10.06"]
[SourceVersion "1"]
[SourceVersionDate "2021.10.06"]
[SourceQuality "1"]
[WhiteTeam "Muelheim SC"]
[BlackTeam "Recklinghausen Laeufer Ost"]
[WhiteTeamCountry "GER"]
[BlackTeamCountry "GER"]

1. Nf3 c5 2. c4 Nf6 3. g3 b6 4. Bg2 Bb7 5. d3 e6 6. e4 d6 7. 0-0 Be7 8. Nc3 a6 9. h3 Nbd7 10. Be3 0-0 11. a3 Qc7 12. Rc1 Rac8 13. Re1 Rfd8 14. Bf4 Qb8 15. Qe2 Qa8 16. Rcd1 Bf8 17. b3 Bc6 18. d4 cxd4 19. Nxd4 Bb7 20. Nc2 Ne8 21. Bg5 Ndf6 22. Na4 Rb8 23. Nxb6 Qa7 24. Na4 Bc8 25. Nb4 Qc7 26. e5 dxe5 27. Rxd8 Bxb4 28. Bxf6 1-0

[Event "NRW Verbandsliga Group2 1314"]
[Site "Nordrheinwestfalen"]
[Date "2013.11.03"]
[Round "3.6"]
[White "Kleiner, Tom"]
[Black "Becker, Marco"]
[Result "0-1"]
[WhiteElo "1763"]
[BlackElo "1876"]
[PlyCount "80"]
[EventDate "2013.09.08"]
[EventType "team-tourn"]
[EventRounds "9"]
[EventCountry "GER"]
[SourceTitle "EXT 2020"]
[Source "ChessBase"]
[SourceDate "2019.10.17"]
[SourceVersion "1"]
[SourceVersionDate "2019.10.17"]
[SourceQuality "1"]
[WhiteTeam "Recklinghausen Laeufer Ost"]
[BlackTeam "Horst Emscher"]
[WhiteTeamCountry "GER"]
[BlackTeamCountry "GER"]

1. e4 c6 2. d4 d5 3. e5 Bf5 4. h4 h5 5. Nd2 e6 6. Be2 c5 7. c3 Nc6 8. Nb3 cxd4 9. Nxd4 Bg6 10. Qa4 Qc7 11. Ngf3 Bc5 12. Be3 Bxd4 13. Nxd4 Nge7 14. f4 0-0 15. Nb5 Qd7 16. Nd6 Nxe5 17. Qxd7 Nxd7 18. Nxb7 Nf5 19. Bf2 Rfb8 20. Ba6 Nf6 21. Bd4 Ne4 22. Be5 Re8 23. Rd1 f6 24. Bd4 e5 25. fxe5 fxe5 26. Bc5 Re6 27. Bd3 Nfg3 28. Bxe4 Bxe4 29. Rg1 Rb8 30. Bf2 Rg6 31. Nc5 Rxb2 32. Bxg3 Rxg3 33. Nxe4 Re3+ 34. Kf1 Rxe4 35. g3 Ree2 36. Rxd5 e4 37. g4 Rec2 38. Ke1 Rc1+ 39. Rd1 Rxd1+ 40. Kxd1 Rb1+ 0-1